Guess Countries in the Mountains - Statistics

General Stats
  • This quiz has been taken 3,348 times
  • The average score is 7 of 10
Answers on the Map
Answers color-coded by a green-red scale on the quiz's map according to % correct below.
 
Answer Stats
Answer % Correct
Norway
99%
Russia
98%
Lebanon
93%
New Zealand
92%
Slovakia
74%
Guyana
73%
Eritrea
67%
Jordan
51%
Solomon Islands
49%
Slovenia
47%
No matching quizzes found
Score Distribution
Percent of People with Each Score
Percentile by Number Answered
Your Score History
You have not taken this quiz